Project management : a managerial approach

Αποθηκεύτηκε σε:
Λεπτομέρειες βιβλιογραφικής εγγραφής
Κύριος συγγραφέας: Meredith, Jack R.
Άλλοι συγγραφείς: Mantel, Samuel J.
Μορφή: Βιβλίο
Γλώσσα:English
Δημοσίευση: New York : Wiley, c1985.
Σειρά:Wiley series in production/operations management
Θέματα:
Ετικέτες: Προσθήκη ετικέτας
Δεν υπάρχουν, Καταχωρήστε ετικέτα πρώτοι!

MARC

LEADER 00000cam a2200000 i 4500
001 1/35389
008 941103s1985 eng d
020 |a 0471809640 
035 |l 10039942 
035 |a 1987 
040 |a GR-MY-UA  |b gre  |e aacr 
041 0 |a eng 
082 0 |a 658.404 
100 1 |a Meredith, Jack R. 
245 1 0 |a Project management :   |b a managerial approach /   |c Jack R. Meredith, Samuel J. Mantel, Jr.  
260 |a New York :   |b Wiley,   |c c1985. 
300 |a xvi, 494 p.;  |b ill.;  |c 25 cm. 
490 1 |a Wiley series in production/operations management. 
504 |a Includes bibliographies and index. 
650 0 0 |a Project management. 
700 1 |a Mantel, Samuel J. 
767 0 8 |i Μεταφρασμένο ως :   |t Διοίκηση έργων :  
830 0 |a Wiley series in production/operations management 
852 |a INST  |b SAMOS  |e 19941103  |h 658.404 MER  |p 005300000733  |q 005300000733  |t BK  |y 0 
909 |a Σ  |b 008311